Statistics for Random European Country Flag to Capital

Click here to take the quiz!

General Stats

  • This quiz has been taken 1,775 times
  • The average score is 8 of 10

Answer Stats

Answer% Correct
Athens
95%
Rome
94%
Madrid
93%
Berlin
92%
London
92%
Moscow
92%
Paris
91%
Kiev
90%
Dublin
89%
Brussels
88%
Helsinki
88%
Vatican City
88%
Amsterdam
85%
Oslo
85%
Lisbon
84%
Luxembourg
84%
Reykjavík
84%
San Marino
83%
Stockholm
83%
Warsaw
83%
Copenhagen
81%
Monaco
81%
Vienna
81%
Bern
78%
Prague
78%
Sofia
78%
Minsk
76%
Belgrade
73%
Riga
72%
Tallinn
71%
Zagreb
71%
Budapest
68%
Tirana
68%
Bucharest
67%
Valletta
64%
Vilnius
64%
Vaduz
63%
Andorra la Vella
62%
Sarajevo
62%
Skopje
62%
Pristina
61%
Bratislava
60%
Ljubljana
56%
Podgorica
54%
Chișinău
49%

Score Distribution

Percentile by Number Answered

Percent of People with Each Score

Your Score History

You have not taken this quiz